[Event "Let's Play Chess!"]
[Site "http://www.queenalice.com/game.php?id=1020988"]
[Date "2012.1.30"]
[Round "-"]
[White "Newton_Junior"]
[Black "brunocalixto"]
[Result "1-0"]
[WhiteElo "1916"]
[BlackElo "1733"]

1. d4 Nf6 2. Nf3 g6 3. c4 Bg7 4. Nc3 d6 5. Bg5 O-O 6. e3 Nbd7 7. Bd3 c5 8. Qc2
b6 9. O-O Bb7 10. d5 e6 11. e4 Ne5 12. Nxe5 dxe5 13. Rad1 exd5 14. exd5 Qd7 15.
Rfe1 Ng4 16. h3 f6 17. hxg4 Qxg4 18. Bc1 a6 19. Be2 Qd7 20. f4 exf4 21. Bxf4 f5
22. Bf3 Rfe8 23. Qd2 Rxe1+ 24. Rxe1 b5 25. b3 b4 26. Nd1 Bd4+ 27. Be3 Qg7 28.
Bxd4 cxd4 29. Qxb4 Rb8 30. d6 d3 31. c5 d2 32. Re7 a5 33. Qc4+ Kf8 34. Rxg7 Kxg7
35. Qd4+ Kf7 36. Bxb7 Rxb7 37. Qd5+ 1-0

[Event "Let's Play Chess!"]
[Site "http://www.queenalice.com/game.php?id=1021092"]
[Date "2012.1.30"]
[Round "-"]
[White "Newton_Junior"]
[Black "adelio"]
[Result "1-0"]
[WhiteElo "1500"]
[BlackElo "1766"]

1. d4 a6 2. Nf3 h6 3. c4 b6 4. e4 g6 5. Nc3 e6 6. Bd3 d6 7. Qc2 Ra7 8. Bf4 g5 9.
Be3 c6 10. Rd1 f6 11. h3 h5 12. b4 h4 13. e5 Nd7 14. Bg6+ Ke7 15. exf6+ Ndxf6
16. Nxg5 Bg7 17. Nf7 Qc7 18. Nxh8 Nh6 19. Bxh6 Bxh6 20. Nf7 Bf4 21. Ne4 Nxe4 22.
Qxe4 e5 23. dxe5 dxe5 24. Nd6 Be6 25. Bh5 Kf8 26. Qg6 Qe7 27. O-O Rd7 28. Nc8
Qd8 29. Rxd7 Qxd7 30. Qf6+ Qf7 31. Bxf7 Bxf7 32. Rd1 Kg8 33. Rd8+ Kh7 34. Rh8#
1-0

[Event "Challenge"]
[Site "http://www.queenalice.com/game.php?id=1023133"]
[Date "2012.1.31"]
[Round "-"]
[White "elconfesor"]
[Black "Newton_Junior"]
[Result "0-1"]
[WhiteElo "1788"]
[BlackElo "2154"]

1. e4 c5 2. Bc4 d6 3. c3 Nf6 4. d3 e6 5. Nf3 Be7 6. Bg5 a6 7. Qd2 b5 8. Bb3 Bb7
9. Be3 Qc7 10. Bf4 Nbd7 11. h3 c4 12. dxc4 bxc4 13. Bc2 Bxe4 14. Qe2 Bxc2 15.
Qxc2 e5 16. Be3 O-O 17. Nbd2 d5 18. O-O Nc5 19. Bg5 Rfd8 20. Rae1 Nd3 21. Re2
Nh5 22. Bxe7 Qxe7 23. Ne1 Nhf4 24. Re3 Qg5 25. Rg3 Ne2+ 0-1

[Event "LuisGa 1"]
[Site "http://www.queenalice.com/game.php?id=1023357"]
[Date "2012.1.31"]
[Round "1"]
[White "Newton_Junior"]
[Black "bumpywater"]
[Result "1-0"]
[WhiteElo "2049"]
[BlackElo "1760"]

1. d4 d5 2. Nf3 Bg4 3. Ne5 Bh5 4. c4 dxc4 5. Qa4+ c6 6. Qxc4 e6 7. Nc3 Nd7 8.
Bf4 Nxe5 9. Bxe5 Nf6 10. e4 Be7 11. Be2 Bg6 12. f3 O-O 13. O-O Rc8 14. Rfd1 b5
15. Qb3 a6 16. Rac1 Bd6 17. Bxd6 Re8 18. e5 Nd5 19. Nxd5 cxd5 20. Rxc8 Qxc8 21.
Qc3 Qb7 22. Qc7 Qxc7 23. Bxc7 Rc8 24. Rc1 h6 25. Rc5 Bh5 26. Bd6 Rd8 27. Rc6 Ra8
28. Rb6 Bg6 29. Rb8+ Rxb8 30. Bxb8 Bf5 31. Kf2 g5 32. Ke3 Kg7 33. Bd3 Kg6 34.
Bxf5+ Kxf5 35. g4+ Kg6 36. Bc7 f6 37. Kd3 f5 38. Kc3 fxg4 39. fxg4 h5 40. h3
hxg4 41. hxg4 Kf7 42. Kb4 Ke7 43. Ka5 Kd7 44. Bd6 b4 45. Bxb4 1-0

[Event "Let's Play Chess!"]
[Site "http://www.queenalice.com/game.php?id=1024432"]
[Date "2012.2.3"]
[Round "-"]
[White "HelderNanques"]
[Black "Newton_Junior"]
[Result "0-1"]
[WhiteElo "2110"]
[BlackElo "2114"]

1. b3 d5 2. Bb2 c5 3. Nc3 Nf6 4. e3 Nc6 5. Bb5 Bd7 6. f4 d4 7. Nce2 Qb6 8. Bc4
e5 9. exd4 exd4 10. Nf3 Be7 11. Ng3 O-O 12. O-O Bd6 13. Ne1 Qc7 14. Nd3 Bg4 15.
Qe1 a6 16. a4 Rab8 17. Ne4 Nxe4 18. Qxe4 Rbe8 19. Qd5 Be6 20. Qf3 Bxc4 21. bxc4
Na5 0-1

[Event "Let's Play Chess!"]
[Site "http://www.queenalice.com/game.php?id=1024784"]
[Date "2012.2.3"]
[Round "-"]
[White "Newton_Junior"]
[Black "HelderNanques"]
[Result "1-0"]
[WhiteElo "1960"]
[BlackElo "2188"]

1. d4 e5 2. dxe5 Nc6 3. Nf3 Qe7 4. Nc3 Nxe5 5. e4 a6 6. Bf4 Nxf3+ 7. Qxf3 d6 8.
Nd5 Qd8 9. O-O-O Be6 10. Bd3 Bxd5 11. exd5 Be7 12. Rhe1 Nf6 13. g4 O-O 14. g5
Nd7 15. Bxh7+ Kxh7 16. Qh5+ Kg8 17. Rd3 Bxg5 18. Bxg5 f6 19. Bh6 Re8 20. Rg1 Re7
21. Rdg3 Qe8 22. Rxg7+ 1-0

[Event "Let's Play Chess!"]
[Site "http://www.queenalice.com/game.php?id=1025479"]
[Date "2012.2.3"]
[Round "-"]
[White "fortunato"]
[Black "Newton_Junior"]
[Result "1-0"]
[WhiteElo "2260"]
[BlackElo "2170"]

1. e4 c5 2. Nf3 d6 3. d4 cxd4 4. Nxd4 Nf6 5. Nc3 a6 6. Bd3 e6 7. O-O Be7 8. Qf3
Nc6 9. Nxc6 bxc6 10. e5 Nd5 11. Qg3 dxe5 12. Qxg7 Bf6 13. Qh6 Be7 14. Ne4 Bf8
15. Qh5 Bg7 16. Rd1 Qc7 17. Bh6 Bxh6 18. Qxh6 f5 19. Nf6+ Nxf6 20. Qxf6 Rf8 21.
Qg5 Qf7 22. Be2 Qf6 23. Bh5+ Ke7 24. Qg3 c5 25. Qe3 Qg7 26. Qxc5+ Kf6 27. Re1 e4
28. Re3 e5 29. f4 1-0

[Event "Challenge"]
[Site "http://www.queenalice.com/game.php?id=1025541"]
[Date "2012.2.3"]
[Round "-"]
[White "HelderNanques"]
[Black "Newton_Junior"]
[Result "0-1"]
[WhiteElo "2119"]
[BlackElo "2063"]

1. e4 c5 2. Nf3 d6 3. b3 Nc6 4. Bb2 e5 5. Bb5 Nf6 6. d3 Be7 7. Nbd2 O-O 8. O-O
Bg4 9. h3 Bh5 10. Kh2 Qc7 11. g4 Bg6 12. Ng1 d5 13. Bxc6 bxc6 14. f3 Rfd8 15.
Ne2 Nd7 16. Ng3 Bg5 17. Kg2 Nf8 18. Rh1 Bh4 19. Nf5 Bxf5 20. gxf5 Qe7 21. Rg1
Rd6 0-1

[Event "Let's Play Chess!"]
[Site "http://www.queenalice.com/game.php?id=1025735"]
[Date "2012.2.3"]
[Round "-"]
[White "gustavline"]
[Black "Newton_Junior"]
[Result "1/2-1/2"]
[WhiteElo "1877"]
[BlackElo "2128"]

1. d4 d5 2. Nf3 Nf6 3. e3 Bg4 4. Bd3 e6 5. c3 c5 6. Nbd2 Bd6 7. O-O Qc7 8. h3 h5
9. e4 dxe4 10. Bxe4 Nc6 11. Re1 Bxf3 12. Nxf3 Nxe4 13. Rxe4 O-O-O 14. Qc2 Kb8
15. dxc5 Bxc5 16. Bf4 Bd6 17. Bxd6 Rxd6 18. Rd1 Rhd8 19. Rxd6 Rxd6 20. Re2 Qd7
21. Rd2 g6 22. Rxd6 Qxd6 23. Qd2 Qe7 24. Kf1 e5 25. Qg5 Qd7 26. Qc1 f5 27. Qg5
Qd1+ 28. Ne1 Qd6 29. Qh6 1/2-1/2

[Event "Let's Play Chess!"]
[Site "http://www.queenalice.com/game.php?id=1025781"]
[Date "2012.2.3"]
[Round "-"]
[White "Newton_Junior"]
[Black "fortunato"]
[Result "0-1"]
[WhiteElo "2146"]
[BlackElo "2271"]

1. d4 d5 2. Nf3 e6 3. c4 dxc4 4. e3 b5 5. a4 c6 6. b3 cxb3 7. axb5 Nf6 8. Qxb3
Bb7 9. Ne5 c5 10. Bb2 Be7 11. Nd2 O-O 12. f3 Nfd7 13. Nec4 cxd4 14. Bxd4 Bc5 15.
Qb2 Qg5 16. Na5 e5 17. Bxc5 Nxc5 18. Qa3 Nbd7 19. Rc1 Rfc8 20. Nxb7 Nxb7 21.
Rxc8+ Rxc8 22. Qxa7 Qh4+ 23. g3 Rc1+ 24. Ke2 Qd8 25. Bg2 Rc7 26. Rb1 Rc2 27. Qa3
Ndc5 28. Rd1 Na5 29. f4 e4 30. Ke1 Nd3+ 31. Kf1 Nb2 32. Bxe4 Nac4 0-1

[Event "LuisGa 1"]
[Site "http://www.queenalice.com/game.php?id=1038024"]
[Date "2012.3.10"]
[Round "2"]
[White "REUSKING"]
[Black "Newton_Junior"]
[Result "0-1"]
[WhiteElo "1922"]
[BlackElo "2157"]

1. e4 c5 2. Nf3 d6 3. d4 cxd4 4. Nxd4 Nf6 5. Nc3 a6 6. a4 e6 7. Be2 Be7 8. O-O
O-O 9. f4 Qc7 10. Bf3 Nc6 11. Be3 Rd8 12. Nxc6 bxc6 13. Qe2 a5 14. Qf2 Rb8 15.
b3 Ba6 16. Be2 Bxe2 17. Qxe2 Nd7 18. Kh1 Bf6 19. Bd2 Nc5 20. Rad1 Rb4 21. Qf3
Bxc3 22. Bxc3 Rxe4 23. Qg3 f5 24. Rfe1 Rxe1+ 25. Rxe1 Ne4 26. Qf3 Qb6 27. Qe3
Qxe3 28. Rxe3 Nxc3 29. Rxc3 c5 30. g3 Kf7 31. Kg2 Rb8 32. Kf3 Rb4 33. h3 Rd4 34.
g4 g6 35. g5 Rd2 36. h4 Ke7 37. Rc4 Kd7 38. Rc3 Kc6 0-1

[Event "LuisGa 1"]
[Site "http://www.queenalice.com/game.php?id=1079376"]
[Date "2012.7.4"]
[Round "4"]
[White "ymfrancois"]
[Black "Newton_Junior"]
[Result "0-1"]
[WhiteElo "1916"]
[BlackElo "2112"]

1. e4 c5 2. Nf3 d6 3. h3 Nc6 4. Bb5 Bd7 5. d3 a6 6. Bxc6 Bxc6 7. b3 e5 8. c4 Be7
9. O-O Nf6 10. Nh2 Nd7 11. Be3 O-O 12. f4 exf4 13. Bxf4 Bf6 14. Nd2 Bxa1 15.
Qxa1 Qe7 16. Ndf3 f5 17. Bg5 Qe6 18. Re1 fxe4 19. dxe4 Ne5 20. Nxe5 Qxe5 21.
Qxe5 dxe5 22. Be7 Rf4 23. Bxc5 Rxe4 24. Rb1 Re2 25. a3 Rxg2+ 0-1

[Event "LuisGa 1"]
[Site "http://www.queenalice.com/game.php?id=1100025"]
[Date "2012.9.5"]
[Round "5"]
[White "Newton_Junior"]
[Black "carlosfed"]
[Result "1-0"]
[WhiteElo "2124"]
[BlackElo "1894"]

1. d4 d5 2. Nf3 Nf6 3. c4 dxc4 4. e3 b5 5. a4 c6 6. b3 cxb3 7. axb5 cxb5 8.
Bxb5+ Bd7 9. Qxb3 e6 10. Ne5 Bxb5 11. Qxb5+ Nbd7 12. O-O Be7 13. Nd2 O-O 14. Nc6
Qe8 15. Nxe7+ Qxe7 16. Ba3 Qe8 17. Bxf8 Qxf8 18. Ra6 Qe7 19. Qb7 Rb8 20. Qxa7
Qb4 21. Nf3 h6 22. Qc7 Rb7 23. Qc8+ Kh7 24. Ra8 Nb8 25. Ne5 Nd5 26. Nxf7 Rb5 27.
Qh8+ Kg6 28. Ne5+ Kf6 29. Qd8+ Kf5 30. Qh4 Nc3 31. e4+ Nxe4 32. g4+ Kf4 33. g5+
1-0

[Event "Challenge"]
[Site "http://www.queenalice.com/game.php?id=1102611"]
[Date "2012.9.13"]
[Round "-"]
[White "Newton_Junior"]
[Black "eddval"]
[Result "0-1"]
[WhiteElo "2133"]
[BlackElo "2127"]

1. d4 Nf6 2. Nf3 d5 3. c4 c6 4. Nc3 e6 5. Bg5 Nbd7 6. e3 Qa5 7. Nd2 Bb4 8. Qc2
Ne4 9. Ndxe4 dxe4 10. Bf4 f5 11. Be2 e5 12. dxe5 Nxe5 13. O-O Ng6 14. Bg3 O-O
15. Rfd1 Be6 16. a3 Bxc3 17. Qxc3 Qxc3 18. bxc3 Rfd8 19. c5 b5 20. Rd6 Rxd6 21.
Bxd6 Kf7 22. a4 bxa4 23. Rxa4 Kf6 24. f3 Bd5 25. Kf2 Ne5 26. Bc7 Nd7 27. Bb6 a5
28. c4 Be6 29. Ke1 Ra6 30. Rxa5 Rxa5 31. Bxa5 Nxc5 32. Bc3+ Kf7 33. Kd2 g6 34.
Bb4 Nd7 35. Kc3 c5 36. Ba5 Ke7 37. Bc7 Nf6 0-1

[Event "Challenge"]
[Site "http://www.queenalice.com/game.php?id=1102631"]
[Date "2012.9.13"]
[Round "-"]
[White "eddval"]
[Black "Newton_Junior"]
[Result "1-0"]
[WhiteElo "2139"]
[BlackElo "2112"]

1. e4 c5 2. Nf3 d6 3. d4 cxd4 4. Nxd4 Nf6 5. Nc3 a6 6. Bg5 e6 7. Qd2 Be7 8.
O-O-O Qc7 9. f4 b5 10. Bd3 Bb7 11. Rhe1 b4 12. Nd5 exd5 13. exd5 O-O 14. Nf5 Bd8
15. Qxb4 Nxd5 16. Qe4 Nf6 17. Qd4 Qc5 18. Qxd6 Qxd6 19. Nxd6 Bc6 20. Bc4 Nbd7
21. Nf5 Bb5 22. Bb3 Nc5 23. c4 Nxb3+ 24. axb3 Rc8 25. Kb1 Bc6 26. Rxd8 Rfxd8 27.
Ne7+ Kf8 28. Nxc8 Rxc8 29. Bxf6 gxf6 30. Re2 f5 31. Ka2 Be4 32. Ka3 Rc6 33. Rd2
Ke7 34. Kb4 h5 35. g3 1-0